000 00541nam a2200181Ia 4500
005 20250508154618.0
008 008 250505s9999 xx 000 0 eng d
037 _aTextual
040 _aFEDL
_beng
_cFEDL
041 _aeng
_2eng
084 _a372.4, ROB
_qFEDL
100 _aRobinson Helen M
245 0 _aReading instruction in various patterns of grouping Vol. 21
260 _aChicago, USA
_bThe University of Chicago Press
_c1959
300 _aviii,212p.
942 _cTEXL
_h372.4, ROB
999 _c1351194
_d1351194